00593cam a22001934a 4500001000800000005001700008008004100025020002000066040001800086082001900104100002100123245006000144260004400204300001900248650002200267942000600289952009100295999001300386168490720240214060433.0990114s1999 enka b 001 0 eng  a1857282655 (PB) aDLCcDLCdDLC00a320.221bMEH.1 aKamrava, Mehran,10aCultural politics in the Third World /cMehran Kamrava. aLondon ;aNew York :bUCL Press,c1999. aviii, 182 p. : 0aPolitical culture cL 001040708LaWERCLbWERCLd2024-02-14l0o320. MEH.p2917r2024-02-14w2024-02-14yL c392d392